<?xml version="1.0" encoding="UTF-8"?>
<record
    xmlns:xsi="http://www.w3.org/2001/XMLSchema-instance"
    xsi:schemaLocation="http://www.loc.gov/MARC21/slim http://www.loc.gov/standards/marcxml/schema/MARC21slim.xsd"
    xmlns="http://www.loc.gov/MARC21/slim">

  <leader>01587nam a22003015i 4500</leader>
  <controlfield tag="001">17910751</controlfield>
  <controlfield tag="003">GKHJTNYIE</controlfield>
  <controlfield tag="005">20220326193247.0</controlfield>
  <controlfield tag="008">131011s2012    cr            000 0 spa  </controlfield>
  <datafield tag="020" ind1=" " ind2=" ">
    <subfield code="a">9789968475211</subfield>
  </datafield>
  <datafield tag="035" ind1=" " ind2=" ">
    <subfield code="a">(NcChVT)VT132CR154</subfield>
  </datafield>
  <datafield tag="040" ind1=" " ind2=" ">
    <subfield code="a">DLC</subfield>
    <subfield code="b">eng</subfield>
    <subfield code="c">DLC</subfield>
    <subfield code="e">rda</subfield>
  </datafield>
  <datafield tag="082" ind1=" " ind2=" ">
    <subfield code="a">862.5</subfield>
    <subfield code="b">C198d</subfield>
  </datafield>
  <datafield tag="100" ind1="1" ind2=" ">
    <subfield code="a">Campos, Arturo.</subfield>
    <subfield code="9">314</subfield>
  </datafield>
  <datafield tag="245" ind1="1" ind2="0">
    <subfield code="a">Dramaturgia costarricense :</subfield>
    <subfield code="b">expresiones esc&#xE9;nicas emergentes /</subfield>
    <subfield code="c">Arturo Campos, Ricardo Lobo y Mabel Mar&#xED;n ; edici&#xF3;n y pr&#xF3;logo: Adolfo Albornoz.</subfield>
  </datafield>
  <datafield tag="250" ind1=" " ind2=" ">
    <subfield code="a">1a ed.</subfield>
  </datafield>
  <datafield tag="264" ind1=" " ind2="1">
    <subfield code="a">San Jos&#xE9; :</subfield>
    <subfield code="b">Editorial Arlek&#xED;n,</subfield>
    <subfield code="c">2012.</subfield>
  </datafield>
  <datafield tag="300" ind1=" " ind2=" ">
    <subfield code="a">150 pages ;</subfield>
    <subfield code="c">21 cm</subfield>
  </datafield>
  <datafield tag="336" ind1=" " ind2=" ">
    <subfield code="a">text</subfield>
    <subfield code="2">rdacontent</subfield>
  </datafield>
  <datafield tag="337" ind1=" " ind2=" ">
    <subfield code="a">unmediated</subfield>
    <subfield code="2">rdamedia</subfield>
  </datafield>
  <datafield tag="338" ind1=" " ind2=" ">
    <subfield code="a">volume</subfield>
    <subfield code="2">rdacarrier</subfield>
  </datafield>
  <datafield tag="505" ind1=" " ind2=" ">
    <subfield code="t">Prologo "Generaci&#xF3;n Emergente": La Dramaturgia costarricense del siglo XXI/ Adolfo Albornoz</subfield>
    <subfield code="t">Te echare de menos/ Arturo Campos</subfield>
    <subfield code="t">Proyectos incompletos/ Ricardo Lobo</subfield>
    <subfield code="t">Entre el Humo y la Lluvia (A partir de las obras "El zool&#xF3;gico de cristal, Un tranv&#xED;a llamado deseo, Verano, humo y H&#xE1;blame como la lluvia y d&#xE9;jame escuchar de Tennessee Williams")/ Mabel Marin</subfield>
  </datafield>
  <datafield tag="520" ind1=" " ind2=" ">
    <subfield code="a">Three works by young Costa Rican playwrights of the 21st century: Campos' "Te Echar&#xE9; de Menos", Lobo's "Proyectos Incompletos", and Mar&#xED;n's "Entre el Humo y la Lluvia". Also includes an introductory essay on this new generation of playwrights.</subfield>
  </datafield>
  <datafield tag="650" ind1=" " ind2=" ">
    <subfield code="a">Teatro</subfield>
    <subfield code="x">Teatro costarricense</subfield>
    <subfield code="x">literatura</subfield>
    <subfield code="z">Costa Rica</subfield>
    <subfield code="9">315</subfield>
  </datafield>
  <datafield tag="700" ind1=" " ind2=" ">
    <subfield code="a">Arturo Campos, Ricardo Lobo y Mabel Mar&#xED;n</subfield>
    <subfield code="9">316</subfield>
  </datafield>
  <datafield tag="906" ind1=" " ind2=" ">
    <subfield code="a">0</subfield>
    <subfield code="b">ibc</subfield>
    <subfield code="c">origres</subfield>
    <subfield code="d">u</subfield>
    <subfield code="e">ncip</subfield>
    <subfield code="f">20</subfield>
    <subfield code="g">y-gencatlg</subfield>
  </datafield>
  <datafield tag="999" ind1=" " ind2=" ">
    <subfield code="c">61</subfield>
    <subfield code="d">61</subfield>
  </datafield>
  <datafield tag="952" ind1=" " ind2=" ">
    <subfield code="0">0</subfield>
    <subfield code="1">0</subfield>
    <subfield code="2">ddc</subfield>
    <subfield code="4">0</subfield>
    <subfield code="7">0</subfield>
    <subfield code="a">LV</subfield>
    <subfield code="b">LV</subfield>
    <subfield code="c">Pensamiento</subfield>
    <subfield code="d">2014-04-09</subfield>
    <subfield code="l">0</subfield>
    <subfield code="o">862.5 C198d</subfield>
    <subfield code="p">000062</subfield>
    <subfield code="r">2014-04-09 00:00:00</subfield>
    <subfield code="w">2014-04-09</subfield>
    <subfield code="y">01</subfield>
  </datafield>
</record>
